Unto their last: (Record no. 160476)

MARC details
000 -LEADER
fixed length control field 00487nam a22001697a 4500
005 - DATE AND TIME OF LATEST TRANSACTION
control field 20190130160421.0
010 ## - LCCN (DPL NO)
LC control number B-120325
020 ## - INTERNATIONAL STANDARD BOOK NUMBER
International Standard Book Number 8173413533
Terms of availability 695.00
035 ## - SYSTEM CONTROL NUMBER
System control number B-120325
037 ## - SOURCE OF ACQUISITION
Source of stock number/acquisition Indian Publishers' Distributors
082 ## - DEWEY DECIMAL CLASSIFICATION NUMBER
Classification number 954.0841
100 ## - MAIN ENTRY--PERSONAL NAME
Personal name Mishra,Krishna
245 ## - TITLE STATEMENT
Title Unto their last:
Remainder of title sage of unknown martyrs
260 ## - PUBLICATION, DISTRIBUTION, ETC. (IMPRINT)
Place of publication, distribution, etc Delhi
Name of publisher, distributor, etc Indian Publishers' Distributors
Date of publication, distribution, etc 2004
300 ## - PHYSICAL DESCRIPTION
Extent 319p.
Dimensions 22cm(hbk)
942 ## - ADDED ENTRY ELEMENTS (KOHA)
Source of classification or shelving scheme Dewey Decimal Classification
Item type English Books
Classification part 954.0841
Call number suffix MIS
Holdings
Withdrawn status Lost status Not for loan Collection code Home library Current library Date acquired Full call number Barcode Koha item type
      Non-fiction Sarojini Nagar Sarojini Nagar 30/01/2019 954.0841 MIS B-120325 English Books

© Delhi Public Library
Hit Counter
free hit counter